Una utopía sofocada : reducciones jesuíticas en la Orinoquia /

Saved in:
நூற்பட்டியல் விவரங்கள்
தலைமை எழுத்தாளர்: Rey Fajardo, José del.
வடிவம்: புத்தகம்
மொழி:Spanish
வெளியீடப்பட்டது: Caracas : Universidad Católica del Táchira : Universidad Católica Andrés Bello, 1998.
பகுதிகள்:
குறியீடுகள்: குறிச்சொல் இணை
குறியீடுகள் இல்லை, இந்த குறிச்சொல்லை முதலில் பதிவு செய்யுங்கள்!
LEADER 00881aam a2200241 a 4500
001 007799208-3
005 20041215114217.0
008 980611s1998 ve ab b 000 0 spa
010 |a  98159279  
035 0 |a ocm40002862 
040 |a DLC  |c DLC 
043 |a s-ve--- 
050 0 0 |a F2319.3.M5  |b R484 1998 
100 1 |a Rey Fajardo, José del. 
245 1 4 |a Una utopía sofocada :  |b reducciones jesuíticas en la Orinoquia /  |c José del Rey Fajardo. 
260 |a Caracas :  |b Universidad Católica del Táchira :  |b Universidad Católica Andrés Bello,  |c 1998. 
300 |a 115 p. :  |b ill. (some col.), maps (some col.) ;  |c 28 cm. 
504 |a "Archivos y bibliografía": p. [99]-113. 
650 0 |a Indians of South America  |x Missions  |z Venezuela. 
650 0 |a Indians of South America  |x Missions  |z Orinoco Valley. 
610 2 0 |a Jesuits  |x Missions  |z Venezuela. 
988 |a 20020608 
906 |0 DLC